header

The Chinese factor (Record no. 98273)

MARC details
000 -LEADER
fixed length control field 01369nam a2200349Ia 4500
082 04 - DEWEY DECIMAL CLASSIFICATION NUMBER
Classification number 305.8/951094
-- B
100 1# - MAIN ENTRY--AUTHOR NAME
Personal name Tan, Pamela,
245 14 - TITLE STATEMENT
Title The Chinese factor
260 ## - PUBLICATION, DISTRIBUTION, ETC. (IMPRINT)
Place of publication Dural Delivery Centre, NSW :
Name of publisher Rosenberg Pub.,
Year of publication 2008.
300 ## - PHYSICAL DESCRIPTION
Number of Pages 272 p. :
Other physical details ill. (some col.)
500 ## - GENERAL NOTE
General note Includes index.
650 #0 - SUBJECT ADDED ENTRY--TOPICAL TERM
Topical Term Chinese
856 40 - ELECTRONIC LOCATION AND ACCESS
Uniform Resource Identifier http://site.ebrary.com/lib/rucke/Doc?id=10601776

No items available.

© 2026 Rongo University
Contact us: librarian | system librarian | Rongo university